00343nam a2200145Ia 4500008004100000020001500041041001200056082001600068100001800084245003300102250000800135260002500143300000800168650002100176221030s9999 xx 000 0 und d a8120327888 aEnglish a105.23bJos aSujata Pandey 0aMultimediacby Sujata Pandey a2nd bPHIaNew Delhic2006 a313 aCSE Departmental